000 00642nam a2200193 a 4500
001 000017946
005 20200929165305.0
008 100407s2004 dr ac 000 0 spa d
020 _a9945851705
040 _aDO-SdBNP
_bspa
_cBNPHU
082 _axxxx
_bC957c
100 1 _aCruz, Cami B.
_938917
245 1 0 _aCuando nuestras rosas se marchitaron :
_buna historia de amor y entrega /
_cCami B. Cruz.
260 _aSanto Domingo :
_bTriunfo,
_c2004.
300 _a163 p. :
_bil., retrs. ;
_c23 cm.
500 _aIncluye datos biográficos del autor en la solapa de la cubierta
700 1 _aRegús, José A.,
_edir. ed.
_917939
049 _aBNPD
999 _c17470
_d17470